00877nam a2200253Ia 4500003000400000005001700004008004100021020001500062040001800077041000800095082002200103100003000125245003600155250001200191260003700203300003000240650003000270650002700300650002500327700005100352942003100403999001900434952017000453OSt20260302111749.0210716s2005 xx 000 0 und d a8130900246 cAIMIT LIBRARY aeng a398.921 21bMANM aManser, Martin H.9257205 aProverbs /cBy Martin H Manser. a1st ed. aNew Delhi :bViva Books ,c2005. aviii,440p. ;bPBc23.3 cm aIndex by key word9257206 aIndex by theme9257207 aBibilography9257208 aFergusson, Rosalind.eAssociate editor9257209 2ddccBKe1stk398.921 MANM c192126d192126 00102ddc40708MCAaAIMITbAIMITeKnowledge Worldg250.00iBill no:1186; Bill dt:2012-01-27l0o398.921 MANMpMCA11634r2026-05-23 00:00:00v187.50w2021-07-16yBK